Focus (Record no. 79789)
[ view plain ]
| 000 -LEADER | |
|---|---|
| fixed length control field | 00924cab a22002175a 4500 |
| 001 - CONTROL NUMBER | |
| control field | L142348 |
| 008 - FIXED-LENGTH DATA ELEMENTS--GENERAL INFORMATION | |
| fixed length control field | 080207e20080202xxk f 000 0 eng d |
| 035 ## - SYSTEM CONTROL NUMBER | |
| System control number | (Sirsi) u142348 |
| 041 0# - LANGUAGE CODE | |
| Language code of text/sound track or separate title | eng |
| 100 1# - MAIN ENTRY--PERSONAL NAME | |
| Personal name | Halstead, Ian |
| 245 00 - TITLE STATEMENT | |
| Title | Focus |
| Remainder of title | East Midlands industrial |
| 260 ## - PUBLICATION, DISTRIBUTION, ETC. | |
| Date of publication, distribution, etc. | 2008 |
| 490 ## - SERIES STATEMENT | |
| Series statement | Estates Gazette |
| Volume/sequential designation | (0804) 2 February 2008, 137-159(11) |
| 520 ## - SUMMARY, ETC. | |
| Summary, etc. | Reports on attempts in the area to attract more industrial occupiers. Agents have warned that planning constraints are leading to a lack of space. Focuses on the Northamptonshire market, arguing that it is healthier than headlines have suggested. Demand for large sheds near motorways in Nottinghamshire, Derbyshire and Leicestershire has begun to encourage more schemes across the region. |
| 590 ## - LOCAL NOTE (RLIN) | |
| Local note | KA |
| 651 #4 - SUBJECT ADDED ENTRY--GEOGRAPHIC NAME | |
| Geographic name | United Kingdom |
| Chronological subdivision | |
| 690 ## - LOCAL SUBJECT ADDED ENTRY--TOPICAL TERM (OCLC, RLIN) | |
| Topical term or geographic name as entry element | PROPERTY-INDUSTRIAL PROPERTY |
| 700 1# - ADDED ENTRY--PERSONAL NAME | |
| Personal name | Neale, Jon |
| 700 1# - ADDED ENTRY--PERSONAL NAME | |
| Personal name | Jack, Simon |
| 942 ## - ADDED ENTRY ELEMENTS (KOHA) | |
| Suppress in OPAC | 0 |
| Withdrawn status | Lost status | Source of classification or shelving scheme | Damaged status | Not for loan | Home library | Current library | Shelving location | Date acquired | Total Checkouts | Full call number | Barcode | Date last seen | Copy number | Price effective from | Koha item type |
|---|---|---|---|---|---|---|---|---|---|---|---|---|---|---|---|
| Dewey Decimal Classification | London | London | Journal article | 07/02/2008 | L142348 | 142348-1001 | 06/08/2019 | 1 | 06/08/2019 | Journal article |